000 00433nam a2200109Ia 4500
008 180219s9999 xx 000 0 und d
020 _a9718400451
100 _aDizon, Rolando R.
245 _aTowards rationalizing Philippine higher education :
_bproceedings of the symposium on the rationalization of the philippine higher education system /
260 _aPasig City :
_bPrint shop printing services
_c2003
300 _aviii, 376 pages
999 _c355995
_d355995